00253nam a2200097Ia 4500008004000000082001300040100000600053245004600059260004200105300000800147210210b1991 xxu||||| |||| 00| 0 eng d a345 INDI a- aIndian penal code: as amended up to date. aAllahabadbAllahabad Law Agencyc1991 a118